Famous Irish People By Picture - Statistics

General Stats
  • This quiz has been taken 1,153 times
  • The average score is 6 of 16
Answer Stats
Picture Answer % Correct
Sinead O' Connor
83%
Liam Neeson
79%
Cillian Murphy
66%
Saoirse Ronan
63%
Graham Norton
62%
Michael Collins
33%
Michael D. Higgins
32%
Dolores O' Riordan
30%
Paul Mescal
30%
William Butler Yeats
30%
Enya
28%
Seamus Heaney
23%
Mary Robinson
22%
Katie Taylor
20%
Aisling Bea
18%
Nicola Coughlan
14%
No matching quizzes found
Score Distribution
Percent of People with Each Score
Percentile by Number Answered
Your Score History
You have not taken this quiz